| Tag |
First Indicator |
Second Indicator |
Subfields |
| LEADER |
00000pam a2200000 a 4500 |
| 001 |
in00000079348 |
| 005 |
20151008060830.0 |
| 008 |
810526s1981 paua b 00110 eng |
| 010 |
|
|
|a 81008684
|
| 020 |
|
|
|a 0878573607 :
|c $16.95
|
| 035 |
|
|
|a (OCoLC)07572881
|
| 035 |
|
|
|9 AAJ6684AM
|
| 039 |
0 |
|
|a 2
|b 3
|c 3
|d 3
|e 3
|
| 040 |
|
|
|a DLC
|c DLC
|d TXA
|d UtOrBLW
|
| 049 |
|
|
|a TXAM
|c [1481977]
|
| 050 |
0 |
0 |
|a QP533
|b .F23 1981
|
| 082 |
0 |
|
|a 613.2/8
|2 19
|
| 100 |
1 |
|
|a Faelten, Sharon.
|
| 245 |
1 |
4 |
|a The complete book of minerals for health.
|
| 250 |
|
|
|a All-new ed. /
|b by Sharon Faelten and the editors of Prevention magazine.
|
| 264 |
|
1 |
|a Emmaus, PA. :
|b Rodale Press,
|c [1981]
|
| 264 |
|
4 |
|c ©1981
|
| 300 |
|
|
|a xxi, 534 pages :
|b illustrations ;
|c 23 cm.
|
| 336 |
|
|
|a text
|b txt
|2 rdacontent
|
| 337 |
|
|
|a unmediated
|b n
|2 rdamedia
|
| 338 |
|
|
|a volume
|b nc
|2 rdacarrier
|
| 500 |
|
|
|a Previous edition by: J.I. Rodale. 1972.
|
| 504 |
|
|
|a Includes bibliographical references and index.
|
| 650 |
|
0 |
|a Minerals in the body.
|
| 650 |
|
0 |
|a Health.
|
| 700 |
1 |
|
|a Rodale, J. I.
|q (Jerome Irving),
|d 1898-1971.
|t Complete book of minerals for health.
|
| 730 |
0 |
|
|a Prevention.
|
| 999 |
|
|
|a MARS
|
| 999 |
f |
f |
|s b7585396-e7ba-3a61-a6c1-9f0532a9eaee
|i 9f062c76-f746-35ba-9016-4d8e2ccf9094
|t 0
|
| 952 |
f |
f |
|p normal
|a Texas A&M University
|b College Station
|c Sterling C. Evans Library
|d Evans: Library Stacks
|t 0
|e QP533 .F23 1981
|h Library of Congress classification
|i unmediated -- volume
|m A14806224968
|
| 952 |
f |
f |
|p ric
|a Texas A&M University
|b Rellis Campus
|c Joint Library Facility
|d Remote Storage
|t 0
|e QP533 .F23 1981
|h Library of Congress classification
|i unmediated -- volume
|m A14807201638
|
| 998 |
f |
f |
|a QP533 .F23 1981
|t 0
|l Remote Storage
|
| 998 |
f |
f |
|a QP533 .F23 1981
|t 0
|l Evans: Library Stacks
|